000 00739nam a22002417a 4500
003 UA-OsUOA
001 127056
007 ta
008 20171117b un ||||| |||| 00| 0 ukr d
100 _aСолдатенко В. Ф.
090 _a329(477)"1917/1920"
_bС60
942 _cBK
040 _aUA-OsUOA
_bukr
_cUA-OsUOA
_dUA-OsUOA
245 _aДеміурги революції: нарис партійної історії України 1917 - 1920 рр.
_bмонографія
300 _a748 с.
955 _a1
041 _aukr
080 _a329(477)"1917/1920"
020 _a978-966-00-1602-6
260 _aК.
_bНаукова думка
_c2017
650 7 _a32 Політика
_2UDC
999 _c414236
_d414236